000 00525nam a22001817a 4500
005 20251108170954.0
008 250721s1997 xx 000 0 ara d
082 1 4 _a658/فن
100 1 _aآل باور، جوزيف
_eجمع
245 1 0 _aفن الإدارة :
_bقراءات مختارة /
264 1 _aعمان :
_bدار البشير،
_c1997.
300 _a434ص
650 1 7 _aالإدارة
650 1 7 _aالتنظيم
700 1 _aأبو لبدة، أسعد
_eترجمة
942 _2ddc
_cBK
999 _c53360
_d53360